000
00270nam a22001097a 4500
082
_a
030
_b
BOW/P-V-1
245
_a
THE PRACTICAL HANDYMAN'S ENCYCLOPEDIA
246
_a
VOLUME ONE
260
_a
NEW YORK
_b
GREY STONE PRESS
650
_a
GENERAL KNOWLEDGE
_z
NEWYORK
942
_c
BK
999
_c
2966
_d
2966